000 00588nam a2200181Ia 4500
008 090124s9999 xx 000 0 und d
082 _b27943
100 _aभावे पु.भा.
245 _a विठ्ठला पांडुरंगा !
250 _a2
260 _bरावजी प्रकाशन
_c1989
300 _a167
600 _aभावे पु.भा.
630 _a विठ्ठला पांडुरंगा !
700 _aभावे पु.भा.
730 _a विठ्ठला पांडुरंगा !
942 _cBOOK
999 _c95573
_d95573